000 01893cam a2200169 4500500
005 20260426010740.0
041 _afre
042 _adc
100 1 0 _aHüllstrung, Wolfgang
_eauthor
245 0 0 _aSamuel Terrien, The Psalms. Strophic Structure and Theological Commentary, Grand Rapids, Eerdmans, coll. « ECC series », 2003. 24 cm. xx-971 p. ISBN 0-8028-2605-9. $ 95
260 _c2008.
500 _a48
520 _aS’il est un texte biblique que la littérature missionnaire du xixe siècle cite abondamment, c’est bien l’appel du Macédonien relaté dans le livre des Actes apôtres (16, 6-10). Figure du païen type, le Macédonien appelle les missionnaires à se rendre aussi bien dans les contrées du monde qui n’ont jamais reçu l’évangile que dans les banlieues des villes européennes qui l’ont oublié. Dans cette étude de deux cas d’appel du Macédonien, l’un venu du Lesotho, l’autre de Belleville, Jean-François Zorn* montre que cet appel fonctionne comme un mythe, car il relate l’origine inattendue et divine de la mission.
520 _aThe nineteenth century missionary literature repeatedly quotes the story of the man of Macedonia who appeared to Paul asking him “Come over into Macedonia, and help us” (Acts 16:6-10). As a typical pagan figure he calls missionaries to go into far countries where the Gospel has never been announced or into the suburbia of Europe where it has been forgotten. Through the examination of two specific cases – a call to Lesotho and one to Belleville near Paris – Jean-François Zorn shows how that type of call, unexpected and of divine origin, functions like a myth.
786 0 _nÉtudes théologiques et religieuses | 83 | 2 | 2008-06-01 | p. 271f-279f | 0014-2239
856 4 1 _uhttps://shs.cairn.info/revue-etudes-theologiques-et-religieuses-2008-2-page-271f?lang=fr&redirect-ssocas=7080
999 _c2222861
_d2222861